Wanted (Record no. 73675)
[ view plain ]
| 000 -LEADER | |
|---|---|
| fixed length control field | 01185cam a2200241 4500 |
| 001 - CONTROL NUMBER | |
| control field | ABS67124 |
| 008 - FIXED-LENGTH DATA ELEMENTS--GENERAL INFORMATION | |
| fixed length control field | 031029n2003 000 0 eng u |
| 035 ## - SYSTEM CONTROL NUMBER | |
| System control number | (Sirsi) u124114 |
| 100 ## - MAIN ENTRY--PERSONAL NAME | |
| Personal name | Richards, M. |
| 245 ## - TITLE STATEMENT | |
| Title | Wanted |
| 260 ## - PUBLICATION, DISTRIBUTION, ETC. | |
| Date of publication, distribution, etc. | 2003 |
| 490 ## - SERIES STATEMENT | |
| Series statement | Building |
| Volume/sequential designation | 268(8304) 17 October 2003, 51(3) |
| 520 ## - SUMMARY, ETC. | |
| Summary, etc. | Gives details of the latest Hays/Montrose salary survey 2003. This shows that prices on contractors' heads are outstripping inflation in every area with the biggest increases for those at the start of their careers. Assistant quantity surveyors' pay rose by 12.3% last year but there was a difference between the regions with pay in central London stagnating but increasing markedly elsewhere, especially in the East Midlands. Junior quantity surveyors are especially in demand with fewer QS's graduating and more need for their services in the project team. |
| 590 ## - LOCAL NOTE (RLIN) | |
| Local note | ABS |
| 650 ## - SUBJECT ADDED ENTRY--TOPICAL TERM | |
| Topical term or geographic name entry element | HAYS CONSTRUCTION/BUILDING CONTRACTORS' SALARIES GUIDE |
| 650 ## - SUBJECT ADDED ENTRY--TOPICAL TERM | |
| Topical term or geographic name entry element | CONSTRUCTION INDUSTRY |
| 650 ## - SUBJECT ADDED ENTRY--TOPICAL TERM | |
| Topical term or geographic name entry element | QUANTITY SURVEYORS |
| 650 ## - SUBJECT ADDED ENTRY--TOPICAL TERM | |
| Topical term or geographic name entry element | PROJECT TEAMS |
| 650 ## - SUBJECT ADDED ENTRY--TOPICAL TERM | |
| Topical term or geographic name entry element | LONDON |
| 650 ## - SUBJECT ADDED ENTRY--TOPICAL TERM | |
| Topical term or geographic name entry element | EAST MIDLANDS |
| 690 ## - LOCAL SUBJECT ADDED ENTRY--TOPICAL TERM (OCLC, RLIN) | |
| Topical term or geographic name as entry element | BUILDING AND CONSTRUCTION-ECONOMICS |
| 942 ## - ADDED ENTRY ELEMENTS (KOHA) | |
| Suppress in OPAC | 0 |
| Withdrawn status | Lost status | Source of classification or shelving scheme | Damaged status | Not for loan | Home library | Current library | Shelving location | Date acquired | Total Checkouts | Full call number | Barcode | Date last seen | Copy number | Price effective from | Koha item type |
|---|---|---|---|---|---|---|---|---|---|---|---|---|---|---|---|
| Dewey Decimal Classification | London | London | Journal article | 29/10/2003 | ABS67124 | 124114-1001 | 06/08/2019 | 1 | 06/08/2019 | Journal article |